| 000 -LEADER |
| fixed length control field |
00964cam2a2200301 4500 |
| 001 - CONTROL NUMBER |
| control field |
002319125 |
| 003 - CONTROL NUMBER IDENTIFIER |
| control field |
OSt |
| 005 - DATE AND TIME OF LATEST TRANSACTION |
| control field |
20221228163920.0 |
| 008 - FIXED-LENGTH DATA ELEMENTS--GENERAL INFORMATION |
| fixed length control field |
eng |
| 010 1# - LIBRARY OF CONGRESS CONTROL NUMBER |
| LC control number |
0316358479 |
| NUCMC control number |
pbk |
| 010 1# - LIBRARY OF CONGRESS CONTROL NUMBER |
| LC control number |
9780316358477 |
| NUCMC control number |
pbk |
| 020 ## - INTERNATIONAL STANDARD BOOK NUMBER |
| International Standard Book Number |
9780316358477 |
| 040 ## - CATALOGING SOURCE |
| Transcribing agency |
. |
| Modifying agency |
KH8 |
| 042 ## - AUTHENTICATION CODE |
| Authentication code |
nbic |
| 050 ## - LIBRARY OF CONGRESS CALL NUMBER |
| Classification number |
002319125 |
| 082 ## - DEWEY DECIMAL CLASSIFICATION NUMBER |
| Classification number |
741.59493 HER |
| 100 ## - MAIN ENTRY--PERSONAL NAME |
| Personal name |
Herge |
| Relator term |
Author |
| 210 ## - ABBREVIATED TITLE |
| Abbreviated title |
New York |
| 245 ## - TITLE STATEMENT |
| Title |
The Calculus Affair |
| Statement of responsibility, etc. |
Herge |
| 260 1# - PUBLICATION, DISTRIBUTION, ETC. |
| Place of publication, distribution, etc. |
New York |
| Name of publisher, distributor, etc. |
Little, Brown |
| Date of publication, distribution, etc. |
1976 |
| 300 ## - PHYSICAL DESCRIPTION |
| Extent |
62 pages : |
| Other physical details |
color illustrations ; |
| Dimensions |
30 cm. |
| 410 #0 - SERIES STATEMENT/ADDED ENTRY--CORPORATE NAME [OBSOLETE, CAN/MARC], [LOCAL, USA] |
| Corporate name or jurisdiction name as entry element |
The adventures of Tintin. |
| 500 10 - GENERAL NOTE |
| General note |
The adventures of Tintin (Les Aventures de Tintin) is a series of comic strips created by the Belgian artist Georges Re'mi (1907-1983), who wrote under the pen name of Herge. |
| 650 ## - SUBJECT ADDED ENTRY--TOPICAL TERM |
| Form subdivision |
Action and adventure fiction |
| General subdivision |
Graphic novels |
| 651 ## - SUBJECT ADDED ENTRY--GEOGRAPHIC NAME |
| Geographic name |
Romans graphiques |
| 700 #0 - ADDED ENTRY--PERSONAL NAME |
| Personal name |
Hergé, |
| Date of a work |
1907-1983. |
| 942 ## - ADDED ENTRY ELEMENTS (KOHA) |
| Source of classification or shelving scheme |
|
| Koha item type |
Books - Non Ficton |